<A> wage earners investment fund forms and economic effects

Uložené v:
Podrobná bibliografia
Hlavný autor: Brems, Hans
Médium: Kniha
Jazyk:English
Vydavateľské údaje: Stockholm Swedish Industrial Publications 1975
Tagy: Pridať tag
Žiadne tagy, Buďte prvý, kto otaguje tento záznam!

MARC

LEADER 00000nam a2200000 4500
001 0222898
005 20240822101702.5
041 0 |a eng 
044 |a SE 
245 1 0 |a <A> wage earners investment fund  |b forms and economic effects  |c Hans Brems 
264 1 |a Stockholm  |b Swedish Industrial Publications  |c 1975 
300 |a 77 s. 
100 1 |a Brems, Hans